00482nam a2200169Ia 450000500170000000800410001704000190005804100120007708200160008910000280010524500560013326000380018930000100022750400180023765000470025585000100030220230318094150.0131103s9999 xx 000 0 und d aLoreto College aEnglish a891.44bSEN aSengupta, Subodhchandra aBangls samalochona parichatcSubodhchandra Sengupta aCalcuttabA. Mukherjee & Coc1970 a364p  aInclude index aBengali Literature - History and Criticism aLCLIB